رسائل الصابي و الشريف الرضي / (رقم التسجيلة. 16285)

تفاصيل مارك
000 -LEADER
fixed length control field 00606nam a22001937a 4500
005 - DATE AND TIME OF LATEST TRANSACTION
control field 20251108164852.0
008 - FIXED-LENGTH DATA ELEMENTS--GENERAL INFORMATION
fixed length control field 250721s1961 xx 000 0 ara d
082 14 - DEWEY DECIMAL CLASSIFICATION NUMBER
Classification number 816/م
100 1# - MAIN ENTRY--PERSONAL NAME
Personal name نجم، محمد يوسف
Relator term حقق
245 10 - TITLE STATEMENT
Title رسائل الصابي و الشريف الرضي /
264 1# - PRODUCTION, PUBLICATION, DISTRIBUTION, MANUFACTURE, AND COPYRIGHT NOTICE
Place of production, publication, distribution, manufacture الكويت :
Name of producer, publisher, distributor, manufacturer دائرة المطبوعات و النشر،
Date of production, publication, distribution, manufacture, or copyright notice 1961.
300 ## - PHYSICAL DESCRIPTION
Extent 119ص
490 0# - SERIES STATEMENT
Series statement سلسلة التراث العر.بي ؛ 6
650 17 - SUBJECT ADDED ENTRY--TOPICAL TERM
Topical term or geographic name as entry element الأدب العربي
650 17 - SUBJECT ADDED ENTRY--TOPICAL TERM
Topical term or geographic name as entry element الرسائل
650 17 - SUBJECT ADDED ENTRY--TOPICAL TERM
Topical term or geographic name as entry element العصر العباسي
942 ## - ADDED ENTRY ELEMENTS (KOHA)
Source of classification or shelving scheme Dewey Decimal Classification
Koha item type كتب
المقتنيات
حالة السحب حالة الفقدان مصدر التصنيف حالة التلف غير قابل للإعارة المكتبة الرئيسية المكتبة الحالية موقع الرف تاريخ التزويد الرقم المتسلسل Total Checkouts رقم الإستدعاء الباركود تاريخ آخر ظهور تاريخ الفاتورة نوع المادة (كوها)
    Dewey Decimal Classification     المكتبة المركزية المكتبة المركزية الإعارة 12/07/2004 38453   816/م 38453 28/07/2025 12/07/2004 كتب
Implemented & Customized by: BBB with SCIT (Smart Chains for Information Technology)

Powered by Koha